000 00932nam a22003137a 4500
001 BR2020000023
003 BR-BrBNA
005 20230928105457.0
007 ta
008 230509b bl.||||| |||| 00| 0 por d
040 _aBR-BrBNA
_bpor
_cBiblioteca Nacional de Agricultura
041 _a(Por)
072 _aF61
090 _ F61 BR2020000023
100 1 _aSantos, J. (Coord.)
110 1 _aAssociação Brasileira das Indústrias de Tecnologia em Nutrição Vegetal, São Paulo, SP (Brasil)
_9794
245 1 _a1. Anuário brasileiro de tecnologia em nutrição vegetal
260 3 _aSão Paulo, SP (Brasil):
_c2015.
300 _a122 p.
500 _a20 ref.
650 _aFERTILIZANTES
650 _aNUTRIÇÃO VEGETAL
650 _aTECNOLOGIA AGRÍCOLA
650 _aMATÉRIA-PRIMA
650 _aMATÉRIA PRIMA MINERAL
650 _aPRODUTIVIDADE
909 _a202309
_bLucia
_c55
_dLucia Elande
942 _cBK
999 _c85315
_d85315